Olympischer Medaillenspiegel - Boxen - Statistiken

Allgemein
  • Dieses Quiz wurde 109 mal gespielt
    51 seit der letzten Aktualisierung
  • Das Durchschnittsergebnis liegt bei 10 aus 16
Antwortstatistiken
Gesamt Gold Silber Bronze Land % Korrekt
118 50 27 41 Vereinigte Staaten
100%
30 5 12 13 Deutschland
96%
31 10 6 15 Russland
92%
27 6 11 10 Frankreich
75%
48 15 15 18 Italien
71%
51 14 19 18 Sowjetunion
69%
80 42 19 19 Kuba
67%
44 8 10 26 Polen
67%
63 20 15 28 Großbritannien
52%
26 7 8 11 Kasachstan
50%
25 1 9 15 Rumänien
50%
20 5 5 10 Bulgarien
48%
20 10 2 8 Ungarn
46%
20 10 2 8 Usbekistan
42%
21 3 7 11 Südkorea
31%
24 7 7 10 Argentinien
27%
Keine übereinstimmenden Quizze gefunden
Verteilung der Resultate
Anzahl Personen mit jedem Resultat
Perzentil nach korrekt beantworteten Fragen
Ihre Resultats-Entwicklung
Sie haben dieses Quiz seit der letzten Aktualisierung nicht gespielt